000 00511nam a2200121Ia 4500
008 171212s9999 xx 000 0 und d
020 _a9780833090157
100 _aAsch, Beth J.;Mattock, Michael G.;Hosek, James
245 _cAsch, Beth J.;Mattock, Michael G.;Hosek, James
_aReforming Military Retirement
_bAnalysis in Support of the Military Compensation and Retirement Modernization Commission
260 _bRAND Corporation
_c2015
650 _aFinance
856 _uhttp://jstor.org/stable/10.7249/j.ctt19w72nc
999 _c352487
_d352487